Sedici passeggiate con Kuma /

Guardat en:
Dades bibliogràfiques
Autor principal: Voltolini, Dario
Format: Llibre
Idioma:italià
Publicat: Viterbo : Tetra, 2023
Col·lecció:Tetra- ; 24
Etiquetes: Afegir etiqueta
Sense etiquetes, Sigues el primer a etiquetar aquest registre!

MARC

LEADER 00000nam a22000007i 4500
001 IT\ICCU\TO0\2125726
003 ItRI
005 20251002154032.0
008 231121s2023 it |||||| ||||| |||||c
020 |a 9791280917232 
040 |b ita  |c Arcigay Viterbo 
041 7 |a ita  |2 ISO-639-2 
100 1 |a Voltolini, Dario  |0 IT\ICCU\CFIV\115891 
245 1 0 |a Sedici passeggiate con Kuma /  |c Dario Voltolini. 
260 |a Viterbo :  |b Tetra,  |c 2023 
300 |a 102 p. ;  |c 13 x 13 cm 
830 0 |a Tetra- ;  |v 24  |0 IT\ICCU\RT1\0165134 
942 |2 ddc  |c BK  |n 0 
952 |0 0  |1 0  |2 ddc  |4 0  |6 A_43_000000000000000  |7 0  |9 9682  |a VT  |b VT  |d 2025-10-02  |e Deposito Lorenzo Abbate  |i ABB23  |l 0  |o A43  |p ABB23  |r 2025-10-02 15:41:00  |w 2025-10-02  |y BK  |z Deposito Lorenzo Abbate 
981 1 |6 z01  |a i   |b xxxe  
982 1 |6 z01  |a n 
999 |c 8063  |d 8063